000 00584nam a2200205Ia 4500
003 GCL
008 140319s9999 xx 000 0 eng d
040 _aGCL /
_cGCL
082 0 4 _a387
_bK T
100 1 _aKOHLER, HEING
245 1 0 _aINSTRUCTORS RESOURCE MANUAL TO ACCOMPANY KOHLER STATISTICS FOR BUSINESS AND ECONOMICS /
_cKOHLER, HEING
260 _a[S.N] :
_bHARPER COLLINS COLLEGE PUBLISBERS ،
_c1994
300 _a558 P
650 0 4 _aSTATISTICS
650 0 4 _aECONOMICS
650 0 4 _aBUSINESS
650 0 4 _aECONOMETRICS
650 0 4 _aTECHNICAL MANUALE
942 _2ddc
_cBK
999 _c16785
_d16785